000 01151nam a2200325 a 4500
001 000048023
003 OSt
005 20221124093400.0
008 181101s1975 dr 000 f spa d
040 _aBPMSU
_bspa
_cBPMSU
082 _aRD863.4
_bC422c 1975
_222
100 1 _aCestero, Tulio Manuel,
_d1877-1955.
245 1 3 _aLa ciudad romántica, Sangre solar /
_cTulio M. Cestero
_b
246 1 3 _aCiudad romántica
246 1 3 _aSangre solar
_b
250 _a2a. ed.
260 _aSanto Domingo :
_bEditora de la UASD;
_bEditora Cultural Dominicana,
_c1975
300 _a131 p. ;
_c19 cm.
490 0 _aPublicaciones de la Universidad de Santo Domingo;
_aArte y literatura
_v3
_a
500 _aIncluye datos biográficos del autor en la contracubierta
500 _aEscena de Santo Domingo de Guzman, La primada
563 _aDos obras encuadernadas juntas con paginación continua
590 _aInventariado, 2022/VM
650 4 _aNovela histórica dominicana.
650 4 _aLiteratura dominicana.
710 2 _aUniversidad Autónoma de Santo Domingo
740 _aSangre solar
910 _aVMateo V./Validado
942 _2ddc
_cBK
999 _c14346
_d14346